LEADER 01278nam0 22003131i 450 001 SUN0015084 005 20070131120000.0 010 $a88-13-18605-3 020 $aIT$b94 3889 100 $a20040115d1993 |0itac50 ba 101 $aita 102 $aIT 105 $a|||| ||||| 200 1 $aSostituzione tributaria e prelievo alla fonte$fRoberto Pignatone 210 $aPadova$cCEDAM$dc1993 215 $a284 p.$d24 cm. 410 1$1001SUN0004291$12001 $aPubblicazioni della Facoltą di giurisprudenza dell'Universitą di Palermo$v17$1210 $aPadova$cCEDAM. 606 $aSostituto d'imposta$xLegislazione$2FI$3SUNC007836 606 $aRitenute di acconto$xLegislazione$2FI$3SUNC007837 620 $dPadova$3SUNL000007 676 $a343.4505242$v21 700 1$aPignatone$b, Roberto$3SUNV010965$0233818 712 $aCEDAM$3SUNV005537$4650 801 $aIT$bSOL$c20181109$gRICA 912 $aSUN0015084 950 $aUFFICIO DI BIBLIOTECA DEL DIPARTIMENTO DI GIURISPRUDENZA$d00 CONS XIX.Eb.10 $e00 4117 995 $aUFFICIO DI BIBLIOTECA DEL DIPARTIMENTO DI GIURISPRUDENZA$h4117$kCONS XIX.Eb.10$op$qa 996 $aSostituzione tributaria e prelievo alla fonte$9644983 997 $aUNICAMPANIA LEADER 01011nam0-2200361---450 001 990009857860403321 005 20190107134508.0 010 $a978-88-6458-072-2 035 $a000985786 035 $aFED01000985786 035 $a(Aleph)000985786FED01 035 $a000985786 100 $a20140513d2012----km-y0itay50------ba 101 0 $aita 102 $aIT 105 $a--------001yy 200 1 $a<>circolo della gratuitą$eil paradosso e la reciprocitą sociale$fTito Marci 210 $aTrento$cTANGRAM Edizioni Scientifiche$d2012 215 $a213 p.$d21 cm 225 1 $aOrizzonti$v19 610 0 $aDono$aAspetti sociali 676 $a306.4$v22$zita 676 $a302$v22$zita 700 1$aMarci,$bTito$0290327 801 0$aIT$bUNINA$gREICAT$2UNIMARC 901 $aBK 912 $a990009857860403321 952 $a306.4 MAR 2$fBFS 952 $aCOLLEZ. 2449 (19)$b2782/2018$fFSPBC 959 $aFSPBC 959 $aBFS 996 $aCircolo della gratuitą$9828410 997 $aUNINA